Super kalanetika (Record no. 22971)
[ view plain ]
| 000 -LEADER | |
|---|---|
| fixed length control field | 01104nam a2200313 a 4500 |
| 001 - CONTROL NUMBER | |
| control field | 22971 |
| 003 - CONTROL NUMBER IDENTIFIER | |
| control field | SK-KTurca |
| 005 - DATE AND TIME OF LATEST TRANSACTION | |
| control field | 20260513092605.0 |
| 008 - FIXED-LENGTH DATA ELEMENTS--GENERAL INFORMATION | |
| fixed length control field | 250414s1994 xo slo |
| 015 ## - NATIONAL BIBLIOGRAPHY NUMBER | |
| National bibliography number | SNBA1994/06 |
| 020 ## - INTERNATIONAL STANDARD BOOK NUMBER | |
| International Standard Book Number | 8071181129 |
| 035 ## - SYSTEM CONTROL NUMBER | |
| System control number | SNK000018274 |
| 035 ## - SYSTEM CONTROL NUMBER | |
| System control number | urn:nbn:sk:snk-amlhgw |
| 035 ## - SYSTEM CONTROL NUMBER | |
| System control number | urn:nbn:sk:snk-am00boug |
| 035 ## - SYSTEM CONTROL NUMBER | |
| System control number | B9D8D969-9D20-4894-B334-1AB9F81F6B95 |
| 040 ## - CATALOGING SOURCE | |
| Original cataloging agency | SNK |
| Language of cataloging | slo |
| Transcribing agency | SNK |
| Description conventions | AACR2 |
| 041 0# - LANGUAGE CODE | |
| Language code of text/sound track or separate title | slo |
| 044 ## - COUNTRY OF PUBLISHING/PRODUCING ENTITY CODE | |
| MARC country code | xo |
| ISO country code | SK |
| 080 ## - UNIVERSAL DECIMAL CLASSIFICATION NUMBER | |
| Universal Decimal Classification number | 796.41.035(035) |
| Edition identifier | 1981 |
| 100 1# - MAIN ENTRY--PERSONAL NAME | |
| Personal name | Pinckney, Callan |
| Relationship | aut |
| 245 10 - TITLE STATEMENT | |
| Title | Super kalanetika |
| Remainder of title | Intenzívny program pre pokročilých. Na ďalšie skrášlenie a spevnenie tela. K postave snov za neuveriteľne krátky čas |
| Statement of responsibility, etc. | Callan Pinckney ; Prel. Taťjana Augstenová ; Fotogr. Stuart M. Gross |
| 260 ## - PUBLICATION, DISTRIBUTION, ETC. | |
| Place of publication, distribution, etc. | Bratislava |
| Name of publisher, distributor, etc. | Ikar |
| Date of publication, distribution, etc. | 1994 |
| Place of manufacture | Bratislava |
| Manufacturer | Svornosť |
| 300 ## - PHYSICAL DESCRIPTION | |
| Extent | 152 s., 3,53 AH, 3,71 VH |
| Other physical details | Fotogr. |
| Dimensions | 27 cm |
| 700 1# - ADDED ENTRY--PERSONAL NAME | |
| Personal name | Augstenová, Taťjana |
| Relationship | trl |
| 700 1# - ADDED ENTRY--PERSONAL NAME | |
| Personal name | Gross, Stuart M. |
| Relationship | pht |
| 942 ## - ADDED ENTRY ELEMENTS (KOHA) | |
| Source of classification or shelving scheme | Dewey Decimal Classification |
| Koha item type | Odborná literatúra pre dospelých |
| Suppress in OPAC | No |
| Stav vyradenia | Strata | Poškodenie | Spôsob nadobudnutia | Domovská knižnica | Aktuálna knižnica | Dátum nadobudnutia | Total checkouts | Čiarový kód exemplára | Date last seen | Typ exemplára |
|---|---|---|---|---|---|---|---|---|---|---|
| Dar | Obecná knižnica Turčianska Štiavnička | Obecná knižnica Turčianska Štiavnička | 13.05.2026 | 4738001268 | 13.05.2026 | Odborná literatúra pre dospelých |
